000
00307nam a22001337a 4500
008
171221b xxu||||| |||| 00| 0 eng d
020
_a
1556642962
041
_a
eng
080
_a
617
100
_a
8
101
_a
OFT
245
_a
DECISION MAKING IN PEDIATRIC OPHTHALMOLOGY
_c
CIBIS,G.W
942
_2
udc
_c
BK
999
_c
39268
_d
39268